MARC

LEADER 00000nam0a2200000 4500
001 338282
005 20231102005031.0
035 |a (RuTPU)RU\TPU\book\364771 
090 |a 338282 
100 |a 20171122d1981 m y0rusy50 ca 
101 0 |a eng 
102 |a RU 
105 |a y j 000zy 
200 1 |a Сборник упражнений к практической грамматике английского языка  |d A Practical english grammar programmed workbook  |f Р. У. Маркли, Э. У. Брокман  |g авт. предисл. Л. А. Бармина 
210 |a Москва  |c Высшая школа  |d 1981 
215 |a 192 с. 
510 1 |a A Practical english grammar programmed workbook  |z eng 
606 1 |a Английский язык  |x Учебные руководства и пособия для высшей школы  |x Пособия по грамматике  |2 stltpush  |3 (RuTPU)RU\TPU\subj\29073  |9 52485 
610 1 |a грамматика 
610 1 |a грамматические категории 
610 1 |a грамматические нормы 
610 1 |a грамматические предложения 
610 1 |a грамматические трудности 
610 1 |a грамматические упражнения 
610 1 |a грамматические формы 
686 |a Ш143.21-923.2  |v LBC/SL-A  |2 rubbk 
700 1 |a Маркли  |b Р. У.  |g Рейнер У. 
701 1 |a Брокман  |b Э. У.  |g Эрл У. 
702 1 |a Бармина  |b Л. А.  |4 080 
801 1 |a RU  |b 63413507  |c 20171122 
801 2 |a RU  |b 63413507  |c 20180827  |g RCR 
942 |c BK